[Event "Moscow Aeroflot op-B 18th"]
[Site "Moscow"]
[Date "2019.02.24"]
[Round "6"]
[White "Taalaibekov, Tagir"]
[Black "Yuferov, Sergey N"]
[Result "1-0"]
[WhiteElo "2204"]
[BlackElo "2401"]
[PlyCount "91"]
[EventDate "2019.02.20"]
[EventType "swiss"]
[EventRounds "9"]
[EventCountry "RUS"]
[SourceTitle "CBM 189 Extra"]
[Source "ChessBase"]
[SourceDate "2019.06.03"]
[SourceVersion "1"]
[SourceVersionDate "2019.06.03"]
[SourceQuality "1"]

1. d4 Nf6 2. Nf3 g6 3. Bf4 Bg7 4. Nc3 c5 5. d5 d6 6. e4 0-0 7. Be2 b5 8. Qd3 b4 9. Nd1 Ba6 10. Qe3 Ng4 11. Qd2 Bxe2 12. Qxe2 Nd7 13. 0-0 a5 14. Rb1 Qc7 15. Nd2 Ngf6 16. Ne3 Nb6 17. h4 Rfe8 18. Nec4 Nfd7 19. h5 Nxc4 20. Nxc4 Nb6 21. hxg6 hxg6 22. Ne3 e6 23. Rfd1 c4 24. Qf3 exd5 25. Nxd5 Nxd5 26. Rxd5 Re6 27. Rbd1 Ra6 28. b3 cxb3 29. cxb3 Rc6 30. g3 Be5 31. Kg2 Rc5 32. Rh1 Qe7 33. Be3 Rf6 34. Qg4 Re6 35. Bxc5 dxc5 36. f4 Bd4 37. e5 Qb7 38. Qf3 Re8 39. Rd6 Qb5 40. Qe4 Kg7 41. e6 fxe6 42. Rxe6 Rxe6 43. Qxe6 Qb7+ 44. Kh2 Qf3 45. Qe7+ Kh6 46. Re1 1-0

[Event "Moscow Aeroflot op-B 18th"]
[Site "Moscow"]
[Date "2019.02.20"]
[Round "1"]
[White "Yuferov, Sergey N"]
[Black "Paramzina, Anastasya"]
[Result "0-1"]
[WhiteElo "2401"]
[BlackElo "2229"]
[PlyCount "76"]
[EventDate "2019.02.20"]
[EventType "swiss"]
[EventRounds "9"]
[EventCountry "RUS"]
[SourceTitle "CBM 189 Extra"]
[Source "ChessBase"]
[SourceDate "2019.06.03"]
[SourceVersion "1"]
[SourceVersionDate "2019.06.03"]
[SourceQuality "1"]

1. d4 Nf6 2. c4 g6 3. Nc3 Bg7 4. e4 d6 5. Be2 0-0 6. h3 c6 7. Bg5 Na6 8. Nf3 Qe8 9. 0-0 e5 10. d5 c5 11. Ne1 h6 12. Be3 Nh7 13. Qd2 h5 14. Bh6 f5 15. Bxg7 Kxg7 16. exf5 gxf5 17. Nb5 Qg6 18. f4 e4 19. Qc3+ Kh6 20. Qe3 Bd7 21. Nc3 Nf6 22. Qf2 Rg8 23. Nc2 Qg3 24. Qxg3 Rxg3 25. Kf2 Rag8 26. Rg1 Nb4 27. Ne3 Rxe3 28. Kxe3 Nc2+ 29. Kf2 e3+ 30. Kf3 h4 31. Bd3 Rg3+ 32. Ke2 Nxa1 33. Kd1 e2+ 34. Bxe2 Ne4 35. Bf3 Nxc3+ 36. bxc3 Ba4+ 37. Kd2 Nc2 38. Bd1 Ne3 0-1

[Event "Moscow op-A 14th"]
[Site "Moscow"]
[Date "2018.02.02"]
[Round "7"]
[White "Rozanov, Pavel B"]
[Black "Yuferov, Sergey N"]
[Result "0-1"]
[WhiteElo "2245"]
[BlackElo "2412"]
[PlyCount "72"]
[EventDate "2018.01.27"]
[EventType "swiss"]
[EventRounds "9"]
[EventCountry "RUS"]
[SourceTitle "CBM 182 Extra"]
[Source "ChessBase"]
[SourceDate "2018.02.23"]
[SourceVersion "1"]
[SourceVersionDate "2018.02.23"]
[SourceQuality "1"]

1. d4 Nf6 2. c4 g6 3. Nc3 Bg7 4. e4 d6 5. f4 c5 6. d5 0-0 7. Bd3 a6 8. Nf3 b5 9. 0-0 bxc4 10. Bxc4 Bg4 11. Qe2 Nfd7 12. h3 Bxf3 13. Rxf3 Nb6 14. Bd3 Qc7 15. Be3 c4 16. Bc2 N8d7 17. Rff1 Rab8 18. Rad1 Nc8 19. Bb1 Na7 20. Kh1 Nb5 21. Nxb5 Rxb5 22. Bd4 Bxd4 23. Rxd4 Qb6 24. Rxc4 Rxb2 25. Qd1 Rb8 26. Rc1 Qe3 27. e5 Nc5 28. Qg4 Rf2 29. e6 Rb4 30. exf7+ Kxf7 31. Qh4 Rxf1+ 32. Rxf1 Kg7 33. Bc2 Rc4 34. Bb3 Re4 35. Bc2 Nd3 36. Rf3 Qc1+ 0-1

[Event "Moscow op-A 14th"]
[Site "Moscow"]
[Date "2018.01.29"]
[Round "3"]
[White "Mamatov, Melis"]
[Black "Yuferov, Sergey N"]
[Result "0-1"]
[WhiteElo "2225"]
[BlackElo "2412"]
[PlyCount "66"]
[EventDate "2018.01.27"]
[EventType "swiss"]
[EventRounds "9"]
[EventCountry "RUS"]
[SourceTitle "CBM 182 Extra"]
[Source "ChessBase"]
[SourceDate "2018.02.23"]
[SourceVersion "1"]
[SourceVersionDate "2018.02.23"]
[SourceQuality "1"]

1. e4 c5 2. Nf3 d6 3. d4 cxd4 4. Qxd4 Nc6 5. Bb5 Bd7 6. Bxc6 Bxc6 7. c4 f5 8. Nc3 e5 9. Nxe5 dxe5 10. Qxe5+ Ne7 11. Nd5 Rc8 12. Bf4 Kf7 13. 0-0 Qd7 14. Qd4 fxe4 15. Rad1 Ng6 16. Be3 Bxd5 17. f3 exf3 18. Rxf3+ Kg8 19. cxd5 Bc5 20. Qc3 Bd6 21. Qb3 b6 22. Rdf1 h5 23. Rf7 Qxf7 24. Rxf7 Kxf7 25. Qd3 Ne7 26. Qe4 Rhd8 27. b4 Kg8 28. g3 Rf8 29. Bf4 Nf5 30. Bxd6 Nxd6 31. Qe7 Rc1+ 32. Kg2 Rc2+ 33. Kg1 Re8 0-1

[Event "Moscow op-A 14th"]
[Site "Moscow"]
[Date "2018.01.28"]
[Round "2"]
[White "Yuferov, Sergey N"]
[Black "Barseghyan, Armen Ar"]
[Result "1/2-1/2"]
[WhiteElo "2412"]
[BlackElo "2292"]
[PlyCount "78"]
[EventDate "2018.01.27"]
[EventType "swiss"]
[EventRounds "9"]
[EventCountry "RUS"]
[SourceTitle "CBM 182 Extra"]
[Source "ChessBase"]
[SourceDate "2018.02.23"]
[SourceVersion "1"]
[SourceVersionDate "2018.02.23"]
[SourceQuality "1"]

1. e4 c5 2. Nf3 Nc6 3. Bb5 g6 4. 0-0 Bg7 5. Re1 Nf6 6. Bxc6 dxc6 7. d3 0-0 8. a4 a5 9. Bd2 Bg4 10. Bc3 c4 11. h3 Bxf3 12. Qxf3 cxd3 13. cxd3 Qd7 14. Nd2 Rfd8 15. Nb3 b6 16. e5 Nd5 17. e6 Qe8 18. exf7+ Qxf7 19. Qxf7+ Kxf7 20. Bxg7 Kxg7 21. Nd4 Rd6 22. Rac1 Nb4 23. Rxe7+ Kf6 24. Re4 Rad8 25. Rc4 c5 26. Nb5 Rxd3 27. Rf4+ Kg7 28. Nc7 Kg8 29. Rf6 Rc8 30. Nb5 Rc6 31. Rcf4 Rxf6 32. Rxf6 Rd1+ 33. Kh2 Rd2 34. Nc7 Kg7 35. Rxb6 c4 36. Ne6+ Kf6 37. Nd4+ Kg7 38. Ne6+ Kf6 39. Nd4+ Kg7 1/2-1/2

[Event "RUS-ch Seniors"]
[Site "Odintsovo"]
[Date "2011.04.22"]
[Round "4"]
[White "Filipenko, Alexander V"]
[Black "Yuferov, Sergey N"]
[Result "1/2-1/2"]
[WhiteElo "2344"]
[BlackElo "2405"]
[PlyCount "45"]
[EventDate "2011.04.19"]
[EventType "swiss"]
[EventRounds "9"]
[EventCountry "RUS"]
[SourceTitle "CBM 142 Extra"]
[Source "ChessBase"]
[SourceDate "2011.06.27"]
[SourceVersion "1"]
[SourceVersionDate "2011.06.27"]
[SourceQuality "1"]

1. e4 c5 2. Nf3 d6 3. d4 cxd4 4. Nxd4 Nf6 5. Nc3 a6 6. g3 e5 7. Nb3 Be7 8. Bg2 0-0 9. 0-0 Be6 10. a4 Nbd7 11. a5 Rc8 12. Be3 Qc7 13. h3 h6 14. Qd2 Rfd8 15. Rfc1 b5 16. g4 Nc5 17. Nd5 Bxd5 18. exd5 Nfd7 19. Nxc5 dxc5 20. c4 b4 21. Rd1 Qd6 22. b3 Bf6 23. Be4 1/2-1/2

[Event "RUS-ch Seniors"]
[Site "Odintsovo"]
[Date "2011.04.20"]
[Round "2"]
[White "Vassin, Victor"]
[Black "Yuferov, Sergey N"]
[Result "0-1"]
[WhiteElo "2263"]
[BlackElo "2405"]
[PlyCount "144"]
[EventDate "2011.04.19"]
[EventType "swiss"]
[EventRounds "9"]
[EventCountry "RUS"]
[SourceTitle "CBM 142 Extra"]
[Source "ChessBase"]
[SourceDate "2011.06.27"]
[SourceVersion "1"]
[SourceVersionDate "2011.06.27"]
[SourceQuality "1"]

1. d4 Nf6 2. c4 g6 3. Nc3 d5 4. e3 Bg7 5. Qb3 e6 6. Nf3 0-0 7. cxd5 exd5 8. Be2 c6 9. 0-0 Nbd7 10. a4 a5 11. Qc2 Re8 12. b3 Ne4 13. Nxe4 dxe4 14. Nd2 Nf6 15. Ba3 Bf5 16. Nc4 Bf8 17. Bc5 Nd5 18. Bxf8 Kxf8 19. Rfe1 h5 20. Qd2 Nb4 21. Red1 Be6 22. Rab1 Bd5 23. Bf1 Kg7 24. Rb2 Re6 25. Na3 Qg5 26. Nc4 Qd8 27. Na3 Qe7 28. Nc4 Qc7 29. Na3 h4 30. Nc2 Na6 31. Qc3 Rf6 32. h3 Rf5 33. b4 axb4 34. Nxb4 Nxb4 35. Qxb4 Ra7 36. Rc1 Qd8 37. Be2 Qa8 38. Bd1 Be6 39. Qd6 Qf8 40. Qxf8+ Kxf8 41. Rcb1 Rg5 42. Kh2 Bc8 43. Bc2 Rga5 44. Bd1 Ke7 45. Bc2 Kd6 46. g3 hxg3+ 47. Kxg3 Rg5+ 48. Kh2 Rh5 49. Bxe4 Bxh3 50. Kg3 Bc8 51. Bc2 Rh3+ 52. Kg2 Ra5 53. Rg1 Rg5+ 54. Kf1 Rxg1+ 55. Kxg1 Rh5 56. Kg2 Ra5 57. Rb4 Rg5+ 58. Kh2 Kc7 59. Bb3 f6 60. Bc2 Rh5+ 61. Kg2 Rg5+ 62. Kh2 Rh5+ 63. Kg2 g5 64. Bd1 Rh8 65. Rc4 Bh3+ 66. Kg1 Be6 67. Rb4 Bd5 68. Kf1 Rh1+ 69. Ke2 g4 70. Kd2 f5 71. Bc2 Rh2 72. Bd1 Rxf2+ 0-1

[Event "Moscow op-A"]
[Site "Moscow"]
[Date "2009.02.06"]
[Round "7"]
[White "Yuferov, Sergey N"]
[Black "Grachev, Boris V"]
[Result "0-1"]
[WhiteElo "2392"]
[BlackElo "2655"]
[PlyCount "66"]
[EventDate "2009.01.31"]
[EventType "swiss"]
[EventRounds "9"]
[EventCountry "RUS"]
[SourceTitle "EXT 2023"]
[Source "ChessBase"]
[SourceDate "2022.10.05"]
[SourceVersion "1"]
[SourceVersionDate "2022.10.05"]
[SourceQuality "1"]

1. d4 d5 2. c4 e6 3. Nc3 c6 4. e4 dxe4 5. Nxe4 Bb4+ 6. Bd2 Qxd4 7. Bxb4 Qxe4+ 8. Be2 Na6 9. Bc3 f6 10. Qd6 e5 11. Rd1 Kf7 12. Nf3 Ne7 13. Bxe5 Be6 14. Qd4 Qxd4 15. Bxd4 c5 16. Bc3 Nc6 17. a3 Rad8 18. 0-0 Bf5 19. Rxd8 Rxd8 20. Rd1 Rxd1+ 21. Bxd1 Nc7 22. Ba4 Bd7 23. Kf1 Ne6 24. Ke1 Nb8 25. Bd1 Bc6 26. g3 Nd7 27. Kd2 Nb6 28. b3 Nc8 29. Kd3 Nd6 30. Bc2 g6 31. h4 Nf5 32. Ke2 a6 33. Bxf5 gxf5 0-1

[Event "Moscow op-A"]
[Site "Moscow"]
[Date "2009.02.04"]
[Round "5"]
[White "Yuferov, Sergey N"]
[Black "Zherebukh, Yaroslav"]
[Result "0-1"]
[WhiteElo "2392"]
[BlackElo "2156"]
[PlyCount "72"]
[EventDate "2009.01.31"]
[EventType "swiss"]
[EventRounds "9"]
[EventCountry "RUS"]
[SourceTitle "EXT 2022"]
[Source "ChessBase"]
[SourceDate "2021.10.06"]
[SourceVersion "1"]
[SourceVersionDate "2021.10.06"]
[SourceQuality "1"]

1. d4 Nf6 2. c4 e6 3. Nc3 Bb4 4. e3 0-0 5. Bd3 d5 6. a3 Bxc3+ 7. bxc3 b6 8. Nf3 Ba6 9. cxd5 Bxd3 10. Qxd3 exd5 11. c4 Nc6 12. Bd2 Ne4 13. Rc1 Rc8 14. 0-0 Ne7 15. Rfd1 Ng6 16. Be1 Re8 17. a4 c6 18. cxd5 Qxd5 19. a5 Nd6 20. axb6 axb6 21. Qa6 Nf5 22. Qc4 Qd7 23. Rb1 Rb8 24. d5 c5 25. Qg4 Qc8 26. e4 Nd6 27. Qxc8 Rexc8 28. e5 Nc4 29. Bc3 b5 30. Rbc1 b4 31. Ba1 Nb6 32. Rb1 Na4 33. d6 b3 34. Bb2 c4 35. d7 Rd8 36. Bc1 Nc3 0-1

[Event "Moscow-ch final"]
[Site "Moscow"]
[Date "2008.05.08"]
[Round "1"]
[White "Rustemov, Alexander"]
[Black "Yuferov, Sergey N"]
[Result "1/2-1/2"]
[WhiteElo "2552"]
[BlackElo "2407"]
[PlyCount "128"]
[EventDate "2008.05.08"]
[EventType "k.o."]
[EventRounds "4"]
[EventCountry "RUS"]
[SourceTitle "CBM 124 Extra"]
[Source "ChessBase"]
[SourceDate "2008.07.03"]
[SourceVersion "1"]
[SourceVersionDate "2008.07.03"]
[SourceQuality "1"]

1. d4 Nf6 2. c4 g6 3. f3 Bg7 4. e4 d6 5. Nc3 0-0 6. Be3 c5 7. Nge2 Nc6 8. d5 Ne5 9. Ng3 a6 10. a4 e6 11. Be2 exd5 12. cxd5 Bd7 13. f4 Neg4 14. Bd2 h5 15. h3 h4 16. Nf1 Nh6 17. g4 hxg3 18. Nxg3 Nh7 19. h4 f5 20. h5 Qf6 21. Qc2 g5 22. 0-0-0 gxf4 23. Bxf4 Rae8 24. Rdf1 b5 25. Rhg1 b4 26. Nd1 Kh8 27. Bc4 a5 28. Rg2 fxe4 29. Nxe4 Qh4 30. Rxg7 Kxg7 31. Nxd6 Rxf4 32. Qg6+ Kh8 33. Bd3 Re7 34. Qxh6 Rxf1 35. Bxf1 Qf6 36. Qxf6+ Nxf6 37. Bb5 Nxd5 38. Bxd7 Rxd7 39. Nc4 Ra7 40. Nf2 Nf4 41. b3 Kg7 42. Kd2 Nxh5 43. Nd3 Kf6 44. Nxc5 Ke7 45. Ke3 Nf6 46. Kd4 Ra8 47. Nb7 Kd7 48. Nbxa5 Kc7 49. Kc5 Rb8 50. Ne5 Ne4+ 51. Kd4 Nd6 52. Nac6 Rb6 53. Ne7 Ra6 54. Nd5+ Kb7 55. Kc5 Ne4+ 56. Kxb4 Rd6 57. Ne3 Rb6+ 58. Ka3 Nd2 59. b4 Nb1+ 60. Kb3 Nd2+ 61. Kc3 Nb1+ 62. Kc4 Nd2+ 63. Kd3 Rxb4 64. Kxd2 Rxa4 1/2-1/2

[Event "Moscow-ch op sf"]
[Site "Moscow"]
[Date "2007.03.07"]
[Round "2"]
[White "Yuferov, Sergey N"]
[Black "Musaev, Mansur"]
[Result "1-0"]
[WhiteElo "2407"]
[BlackElo "2219"]
[PlyCount "84"]
[EventDate "2007.03.05"]
[EventType "swiss"]
[EventRounds "9"]
[EventCountry "RUS"]
[SourceTitle "EXT 2022"]
[Source "ChessBase"]
[SourceDate "2021.10.06"]
[SourceVersion "1"]
[SourceVersionDate "2021.10.06"]
[SourceQuality "1"]

1. d4 Nf6 2. c4 g6 3. Nc3 Bg7 4. e4 d6 5. f3 0-0 6. Nge2 e5 7. Bg5 c6 8. Qd2 a6 9. d5 cxd5 10. cxd5 b5 11. Ng3 Bd7 12. Bd3 b4 13. Nd1 a5 14. a3 bxa3 15. Rxa3 Be8 16. b4 a4 17. 0-0 Na6 18. Nf2 Qb8 19. Rb1 Bd7 20. Nd1 Qb7 21. Nc3 Nxb4 22. Na2 Qa7+ 23. Be3 Bh6 24. Bxa7 Bxd2 25. Bb6 Nxd3 26. Rxd3 Ba5 27. Bxa5 Rxa5 28. Rb6 Rc8 29. Rxd6 Rc2 30. Ra3 Rb5 31. Nc3 Rb3 32. Rxb3 axb3 33. Nge2 Kg7 34. Kf2 h5 35. Ke3 h4 36. Kd3 g5 37. Rb6 Rb2 38. Nd1 Ra2 39. Rxb3 Ba4 40. Rb2 Ra1 41. Ndc3 Bd7 42. Rb1 Ra3 1-0

[Event "Moscow op 03rd"]
[Site "Moscow"]
[Date "2007.02.02"]
[Round "7"]
[White "Aslanov, Sergei"]
[Black "Yuferov, Sergey N"]
[Result "0-1"]
[WhiteElo "2233"]
[BlackElo "2407"]
[PlyCount "78"]
[EventDate "2007.01.27"]
[EventType "swiss"]
[EventRounds "9"]
[EventCountry "RUS"]
[SourceTitle "CBM 116 Extra"]
[Source "ChessBase"]
[SourceDate "2007.03.07"]
[SourceVersion "1"]
[SourceVersionDate "2007.03.07"]
[SourceQuality "1"]

1. e4 d5 2. exd5 Qxd5 3. Nc3 Qa5 4. Bc4 c6 5. d3 Nf6 6. Qe2 Bf5 7. Bd2 Qc7 8. Nf3 e6 9. Nd4 Be7 10. Nxf5 exf5 11. 0-0-0 0-0 12. Qf3 g6 13. h3 Nbd7 14. d4 b5 15. Bd3 b4 16. Ne2 c5 17. dxc5 Ne5 18. Bf4 Qxc5 19. Qe3 Nxd3+ 20. Rxd3 Ne4 21. Nd4 Rac8 22. f3 Bf6 23. fxe4 Bxd4 24. Qd2 Bg7 25. Rd5 Qc4 26. Kb1 fxe4 27. Re1 Rfe8 28. g4 h6 29. Be3 Rc6 30. Ra5 a6 31. Rd5 Kh7 32. Rd7 Rec8 33. Bd4 R8c7 34. Rxc7 Rxc7 35. Rxe4 Rd7 36. c3 bxc3 37. Qxc3 Qd5 38. Bxg7 Qxe4+ 39. Kc1 Qh1+ 0-1

[Event "Moscow Aeroflot op-B"]
[Site "Moscow"]
[Date "2006.02.12"]
[Round "6"]
[White "Voitsekhovsky, Stanislav"]
[Black "Yuferov, Sergey N"]
[Result "1/2-1/2"]
[WhiteElo "2490"]
[BlackElo "2417"]
[PlyCount "109"]
[EventDate "2006.02.07"]
[EventType "swiss"]
[EventRounds "9"]
[EventCountry "RUS"]
[SourceTitle "EXT 2007"]
[Source "ChessBase"]
[SourceDate "2006.11.23"]
[SourceVersion "1"]
[SourceVersionDate "2006.11.23"]
[SourceQuality "1"]

1. e4 c5 2. Nf3 d6 3. d4 cxd4 4. Qxd4 Nc6 5. Bb5 Bd7 6. Bxc6 Bxc6 7. Nc3 Nf6 8. Bg5 e6 9. 0-0-0 Be7 10. Qd3 Qa5 11. h4 h6 12. Bd2 Ng4 13. Rhf1 Qa6 14. Qxa6 bxa6 15. Nd4 Bd7 16. f3 Ne5 17. Be1 g5 18. h5 0-0 19. b3 Rfc8 20. Nce2 Rab8 21. Bc3 Rb7 22. Bb2 Rbc7 23. Kb1 Bf8 24. Rd2 Be8 25. Rfd1 Rb7 26. Nc1 Bg7 27. c3 a5 28. a4 a6 29. Ka2 Rb6 30. Nde2 Bf8 31. Ba3 Rcc6 32. Nd3 Nd7 33. Nb2 Ne5 34. Nd3 Nd7 35. Nb2 Ne5 36. c4 Nd7 37. Nd3 Rc8 38. Nf2 Nc5 39. Bxc5 Rxc5 40. Ng4 Bxa4 41. bxa4 Rxc4 42. Rb2 Rxa4+ 43. Kb1 Rxb2+ 44. Kxb2 Bg7+ 45. Kc2 Ra2+ 46. Kd3 a4 47. Ne3 a3 48. Nd4 Rb2 49. g4 a2 50. Ra1 a5 51. Nec2 a4 52. Kc3 Rb3+ 53. Kd2 Rb2 54. Kc3 Rb3+ 55. Kd2 1/2-1/2

[Event "Moscow Aeroflot op-B"]
[Site "Moscow"]
[Date "2006.02.11"]
[Round "5"]
[White "Yuferov, Sergey N"]
[Black "Minasian, Ara"]
[Result "0-1"]
[WhiteElo "2417"]
[BlackElo "2479"]
[PlyCount "89"]
[EventDate "2006.02.07"]
[EventType "swiss"]
[EventRounds "9"]
[EventCountry "RUS"]
[SourceTitle "EXT 2007"]
[Source "ChessBase"]
[SourceDate "2006.11.23"]
[SourceVersion "1"]
[SourceVersionDate "2006.11.23"]
[SourceQuality "1"]

1. d4 f5 2. Nh3 Nf6 3. Bg5 Ne4 4. Bh4 d5 5. e3 c6 6. Be2 Qb6 7. Qc1 e6 8. 0-0 Bd6 9. f3 Nf6 10. Bxf6 gxf6 11. c4 dxc4 12. Bxc4 Na6 13. Nc3 Bd7 14. a3 Nc7 15. Na4 Qa5 16. Bb3 0-0-0 17. Bd1 e5 18. b4 Qd5 19. Nc3 Qf7 20. f4 exd4 21. exd4 Be6 22. Bf3 Kb8 23. Rb1 Bc4 24. Rd1 Rhe8 25. Qd2 Nb5 26. Nxb5 cxb5 27. Re1 Rxe1+ 28. Rxe1 Bc7 29. Kh1 Bb6 30. Qc2 Qd7 31. Rd1 Bxd4 32. Ng1 Qe6 33. Rd2 Bb6 34. Rxd8+ Bxd8 35. g3 Bb6 36. Qd2 a6 37. Bg2 Qe3 38. Qd1 Kc7 39. Nf3 Qxa3 40. Nh4 Qd3 41. Qe1 Qe3 42. Qd1 Bd3 43. Bf3 Be4 44. Kg2 Qd3 45. Qc1+ 0-1

[Event "Moscow Aeroflot op-B"]
[Site "Moscow"]
[Date "2006.02.10"]
[Round "4"]
[White "Sveshnikov, Evgeny"]
[Black "Yuferov, Sergey N"]
[Result "1-0"]
[WhiteElo "2524"]
[BlackElo "2417"]
[PlyCount "53"]
[EventDate "2006.02.07"]
[EventType "swiss"]
[EventRounds "9"]
[EventCountry "RUS"]
[SourceTitle "EXT 2007"]
[Source "ChessBase"]
[SourceDate "2006.11.23"]
[SourceVersion "1"]
[SourceVersionDate "2006.11.23"]
[SourceQuality "1"]

1. e4 c5 2. c3 Nf6 3. e5 Nd5 4. Nf3 d6 5. d4 cxd4 6. Qxd4 e6 7. Nbd2 Nc6 8. Bb5 Bd7 9. Bxc6 Bxc6 10. Nc4 dxe5 11. Ncxe5 Qb6 12. 0-0 Qxd4 13. Nxd4 Rc8 14. c4 Nb6 15. b3 Nd7 16. Ndxc6 bxc6 17. Nxd7 Kxd7 18. Rd1+ Ke8 19. Be3 a6 20. Bb6 Be7 21. Rd3 Bd8 22. Bd4 f6 23. Rad1 Kf7 24. Bc5 Bc7 25. Rd7+ Kg6 26. Bd6 Bd8 27. Rd3 1-0

[Event "Moscow Aeroflot op-B"]
[Site "Moscow"]
[Date "2006.02.08"]
[Round "2"]
[White "Nepomniachtchi, Ian"]
[Black "Yuferov, Sergey N"]
[Result "1/2-1/2"]
[WhiteElo "2506"]
[BlackElo "2417"]
[PlyCount "81"]
[EventDate "2006.02.07"]
[EventType "swiss"]
[EventRounds "9"]
[EventCountry "RUS"]
[SourceTitle "EXT 2007"]
[Source "ChessBase"]
[SourceDate "2006.11.23"]
[SourceVersion "1"]
[SourceVersionDate "2006.11.23"]
[SourceQuality "1"]

1. e4 c5 2. Nf3 d6 3. d4 cxd4 4. Nxd4 Nf6 5. Nc3 a6 6. Be3 e5 7. Nb3 Be6 8. f3 Be7 9. Qd2 0-0 10. 0-0-0 Nbd7 11. g4 b5 12. Kb1 Nb6 13. g5 Nfd7 14. Nd5 Nxd5 15. exd5 Bf5 16. Na5 Nb8 17. f4 Be4 18. Rg1 exf4 19. Bxf4 Re8 20. Rg3 Bf8 21. Re1 Ra7 22. Rge3 Rae7 23. a4 Qb6 24. axb5 axb5 25. Qb4 Bxd5 26. Rxe7 Rxe7 27. Rxe7 Bxe7 28. Qxb5 Qxb5 29. Bxb5 h6 30. h4 hxg5 31. hxg5 f6 32. gxf6 gxf6 33. c4 Be4+ 34. Kc1 Kf7 35. c5 Ke6 36. Kd2 Bd8 37. Nb3 Bc7 38. Kc3 Nc6 39. Nd4+ Kd7 40. Nb3 Ke6 41. Nd4+ 1/2-1/2

[Event "Moscow Aeroflot op-B"]
[Site "Moscow"]
[Date "2006.02.07"]
[Round "1"]
[White "Yuferov, Sergey N"]
[Black "Golubev, Mikhail"]
[Result "1-0"]
[WhiteElo "2417"]
[BlackElo "2484"]
[PlyCount "61"]
[EventDate "2006.02.07"]
[EventType "swiss"]
[EventRounds "9"]
[EventCountry "RUS"]
[SourceTitle "EXT 2007"]
[Source "ChessBase"]
[SourceDate "2006.11.23"]
[SourceVersion "1"]
[SourceVersionDate "2006.11.23"]
[SourceQuality "1"]

1. d4 Nf6 2. c4 g6 3. Nc3 Bg7 4. e4 d6 5. Nf3 0-0 6. Be2 e5 7. Be3 exd4 8. Nxd4 Re8 9. f3 c6 10. Bf2 d5 11. exd5 cxd5 12. 0-0 Nc6 13. c5 Nh5 14. Qd2 Be5 15. g3 Ng7 16. Rad1 Be6 17. Nxe6 Nxe6 18. f4 Bxc3 19. bxc3 d4 20. Bf3 Nxc5 21. cxd4 Ne4 22. Bxe4 Rxe4 23. d5 Nb8 24. Rfe1 Rxe1+ 25. Rxe1 Nd7 26. d6 Rc8 27. Re7 Nf6 28. Qd4 Qa5 29. d7 Nxd7 30. Rxd7 Qxa2 31. Rd8+ 1-0

[Event "Moscow op 02nd"]
[Site "Moscow"]
[Date "2006.02.04"]
[Round "7"]
[White "Zontakh, Andrey"]
[Black "Yuferov, Sergey N"]
[Result "1-0"]
[WhiteElo "2545"]
[BlackElo "2417"]
[PlyCount "69"]
[EventDate "2006.01.29"]
[EventType "swiss"]
[EventRounds "9"]
[EventCountry "RUS"]
[SourceTitle "CBM 110 Extra"]
[Source "ChessBase"]
[SourceDate "2006.03.10"]
[SourceVersion "2"]
[SourceVersionDate "2006.03.10"]
[SourceQuality "1"]

1. e4 c5 2. Nf3 d6 3. d4 cxd4 4. Nxd4 Nf6 5. Nc3 a6 6. Be3 e5 7. Nb3 Be6 8. f3 Be7 9. Qd2 0-0 10. 0-0-0 Nbd7 11. g4 b5 12. g5 b4 13. Ne2 Ne8 14. f4 a5 15. Kb1 Nb6 16. Bxb6 Qxb6 17. f5 Bxb3 18. cxb3 d5 19. Ng3 Bc5 20. Qxd5 Nf6 21. Qxe5 Ng4 22. Qf4 Nf2 23. Bc4 Be3 24. Qh4 Nxh1 25. Rxh1 Rad8 26. f6 gxf6 27. gxf6 Kh8 28. Nf5 Bd4 29. Rf1 Rg8 30. Nh6 Rdf8 31. Nxg8 Rxg8 32. e5 Be3 33. Bd3 h6 34. Qe4 Rg6 35. e6 1-0

[Event "Moscow op 02nd"]
[Site "Moscow"]
[Date "2006.01.31"]
[Round "3"]
[White "Tihonov, Jurij"]
[Black "Yuferov, Sergey N"]
[Result "1/2-1/2"]
[WhiteElo "2492"]
[BlackElo "2417"]
[PlyCount "95"]
[EventDate "2006.01.29"]
[EventType "swiss"]
[EventRounds "9"]
[EventCountry "RUS"]
[SourceTitle "CBM 110 Extra"]
[Source "ChessBase"]
[SourceDate "2006.03.10"]
[SourceVersion "2"]
[SourceVersionDate "2006.03.10"]
[SourceQuality "1"]

1. d4 Nf6 2. c4 e6 3. Nf3 d5 4. cxd5 exd5 5. Nc3 Be7 6. Bg5 c6 7. Qc2 Nbd7 8. e3 0-0 9. Bd3 Re8 10. 0-0 Nf8 11. h3 Ng6 12. Bxf6 Bxf6 13. b4 a6 14. a4 Nf8 15. b5 a5 16. bxc6 bxc6 17. Ne2 Bd7 18. Rab1 g6 19. Nf4 Qe7 20. Rb6 Reb8 21. Rfb1 Qd8 22. Rxb8 Rxb8 23. Rxb8 Qxb8 24. Qc5 Bd8 25. Ne5 Qc7 26. h4 f6 27. Nxd7 Qxd7 28. h5 Kg7 29. hxg6 hxg6 30. Qc2 f5 31. Ba6 Bc7 32. Nd3 Ne6 33. g3 Bd6 34. Qc3 Qc7 35. Kg2 Kf6 36. Qb2 Ke7 37. Qb1 Qa7 38. Bc8 Nf8 39. g4 Kd8 40. Qb7 Qxb7 41. Bxb7 Kc7 42. Ba6 fxg4 43. Nc1 Nd7 44. Nb3 Nf6 45. Bd3 Bb4 46. Bxg6 Nd7 47. Bc2 Nb6 48. Nc1 1/2-1/2

[Event "RUS-Cup"]
[Site "Tula"]
[Date "2001.??.??"]
[Round "3"]
[White "Khruschiov, Alexey"]
[Black "Yuferov, Sergey N"]
[Result "1/2-1/2"]
[WhiteElo "2392"]
[BlackElo "2449"]
[PlyCount "85"]
[EventDate "2001.??.??"]
[EventType "swiss"]
[EventRounds "9"]
[EventCountry "RUS"]
[SourceTitle "EXT 2002"]
[Source "ChessBase"]
[SourceDate "2001.11.25"]
[SourceVersion "1"]
[SourceVersionDate "2001.11.25"]
[SourceQuality "1"]

1. e4 e6 2. d4 d5 3. Nc3 Bb4 4. e5 c5 5. a3 Bxc3+ 6. bxc3 Ne7 7. Nf3 b6 8. Bb5+ Bd7 9. Bd3 c4 10. Be2 Ba4 11. h4 Nbc6 12. h5 h6 13. Bf4 Kd7 14. Nd2 Qg8 15. Bg4 Qh7 16. Ra2 Kc7 17. 0-0 Rag8 18. Re1 g6 19. Re3 gxh5 20. Bxh5 Qf5 21. Bh2 Rg7 22. Kf1 Rhg8 23. g4 Rxg4 24. Bxg4 Rxg4 25. Rf3 Qh5 26. Rg3 Rh4 27. Qxh5 Rxh5 28. Nf3 Ng6 29. Kg2 a5 30. Rh3 Rxh3 31. Kxh3 Na7 32. Ng1 Nb5 33. Ne2 h5 34. Bg3 Bb3 35. Rb2 a4 36. cxb3 cxb3 37. Nc1 Nxc3 38. Nxb3 axb3 39. Rxb3 Ne2 40. Rb4 Ne7 41. Kh4 Nc6 42. Rb1 Ncxd4 43. Kxh5 1/2-1/2

[Event "Moscow-ch"]
[Site "Moscow"]
[Date "2001.??.??"]
[Round "2"]
[White "Melikhov, Evgeny V"]
[Black "Yuferov, Sergey N"]
[Result "1/2-1/2"]
[WhiteElo "2327"]
[BlackElo "2449"]
[PlyCount "91"]
[EventDate "2001.??.??"]
[EventType "swiss"]
[EventRounds "9"]
[EventCountry "RUS"]
[SourceTitle "EXT 2002"]
[Source "ChessBase"]
[SourceDate "2001.11.25"]
[SourceVersion "1"]
[SourceVersionDate "2001.11.25"]
[SourceQuality "1"]

1. d4 Nf6 2. c4 g6 3. Nc3 Bg7 4. e4 d6 5. f3 0-0 6. Be3 c5 7. Nge2 Nc6 8. Qd2 a6 9. d5 Ne5 10. Ng3 e6 11. Be2 exd5 12. exd5 b5 13. cxb5 axb5 14. Nxb5 Qb6 15. 0-0 Bb7 16. Ne4 Nxe4 17. fxe4 Ng4 18. Bxg4 Qxb5 19. Be2 Qa4 20. Bd3 Ba6 21. b3 Qa3 22. Rae1 Bxd3 23. Qxd3 Qxa2 24. Bf4 Qa6 25. Qxa6 Rxa6 26. e5 dxe5 27. Bxe5 Rd8 28. Bxg7 Kxg7 29. Re7 Rf6 30. Rd1 Rfd6 31. Rf1 Rf8 32. Rd1 Rfd8 33. Rf1 Rf6 34. Rd1 Rb6 35. Rc7 Rxb3 36. d6 Kf6 37. Rxc5 Ke6 38. Rc6 Rd7 39. Re1+ Kd5 40. Ra6 Rb4 41. Re7 Rbb7 42. Re1 f5 43. Rd1+ Ke6 44. Re1+ Kf6 45. Rd1 Rb5 46. Ra2 1/2-1/2